Indywidualni Mistrzowie Świata Juniorów na żużlu - Statystyki

Ogólne statystyki
  • Ten quiz został rozwiązany 37 razy
  • Średni wynik to 18 z 48
Statystyki odpowiedzi
Hint Odpowiedź % Poprawnych
2024 Wiktor Przyjemski
97%
2015 Bartosz Zmarzlik
79%
2017 Maksym Drabik
72%
2019 Maksym Drabik
72%
2011 Maciej Janowski
69%
2022 Mateusz Cierniak
69%
2023 Mateusz Cierniak
69%
2018 Bartosz Smektała
62%
2021 Jakub Miśkowiak
62%
2013 Patryk Dudek
62%
2014 Piotr Pawlicki
62%
2007 Emil Sajfutdinow
59%
2008 Emil Sajfutdinow
59%
2009 Darcy Ward
55%
2010 Darcy Ward
55%
2005 Krzysztof Kasprzak
55%
1996 Piotr Protasiewicz
55%
2004 Robert Miśkowiak
55%
2003 Jarosław Hampel
52%
1995 Jason Crump
48%
2012 Michael Jepsen Jensen
48%
2020 Jaimon Lidsey
41%
2000 Andreas Jonsson
38%
1978 Finn Rune Jensen
34%
1997 Jesper Bruun Jensen
34%
2016 Max Fricke
34%
1985 Per Jonsson
34%
2006 Karol Ząbik
24%
1999 Lee Richardson
24%
1992 Leigh Adams
24%
2002 Lukas Dryml
24%
1991 Brian Andersen
21%
2001 Dawid Kujawa
21%
1987 Gary Havelock
21%
1994 Mikael Karlsson
21%
1998 Robert Dados
21%
1990 Chris Louis
14%
1993 Joe Screen
14%
1986 Ihor Marko
7%
1984 Marvyn Cox
7%
1977 Alf Busk
3%
1982 Antonín Kasper
3%
1979 Ron Preston
3%
1981 Shawn Moran
3%
1980 Tommy Knudsen
3%
1989 Gert Handberg
0%
1988 Peter Nahlin
0%
1983 Steve Baker
0%
Nie znaleziono quizów pasujących do podanych kryteriów
Rozkład punktacji
Procent ludzi z każdym wynikiem
Percentyl według liczby udzielonych odpowiedzi
Twoja historia wyników
Nie rozwiązałeś tego quizu